000 00952nam a2200229Ia 4500
999 _c34633
_d34633
001 398
003 GE_BSU
005 20250605121704.0
008 181216s2008||||ge |||||||||||||| ||geo||
020 _a9789941402791
040 _cGE_BSU
041 _ageo
080 _a51(075.3) გ–151
100 _aგოგიშვილი, გ.
_925268
245 _aგავიმეოროთ მათემატიკა ნაწ.1/
_cგურამ გოგიშვილი, თეიმურაზ ვეფხვაძე, ია მებონია, ლამარა ქურჩიშვილი; რედ. თეიმურაზ ვეფხვაძე.
264 _aთბილისი :
_bინტელექტი,
_c2008.
300 _a413 გვ.
_b
541 _h18ლ.
653 _aგავიმეოროთ მათემატიკა
653 _aმათემატიკა
942 _cBK
_2udc